000 00463nam a22001937a 4500
003 MPLRDC
005 20220104113902.0
008 210129b ||||| |||| 00| 0 eng d
020 _a957-583-317-1
082 _a857.621 NK-17 v.45
100 _a倪匡
245 _a魔画
_c
250 _a修订版
260 _a
_b金兰文化出版社
_c1992
300 _b
490 _a木兰花传奇. 45
650 _a科幻小说
942 _cBK
_o857.621 NK-17 v.45
999 _c3124
_d3114